A carregar...

Camus

Detalhes bibliográficos
Autor principal: King, Adele
Formato: Printed Book
Idioma:English
Publicado em: London : Oliver & Boyd , c1964.
LEADER 00429nam a22001337a 4500
008 160819b xxu||||| |||| 00| 0 eng d
082 |a 843.92 KIN/C 
100 |a King, Adele 
245 |a Camus 
260 |a London :  |b Oliver & Boyd ,  |c c1964. 
300 |b 120p. 
942 |c BK 
999 |c 193937  |d 193937 
952 |0 0  |1 0  |4 0  |6 843_920000000000000_KIN_C  |7 0  |9 214126  |a ENG  |b ENG  |c ST1  |d 2016-08-19  |i 2321  |l 0  |o 843.92 KIN/C  |p ENG2321  |r 2016-08-19  |w 2016-08-19  |y BK